000 00330 a2200133 4500
082 _a070
090 _c3196
_d3196
100 _aShafique Jalendhri
245 _aSahafat aur Ablagh
_cShafique Jalendhri
260 _aLahore:
_bA One Publishers,
_c 2008.
300 _a368 p. ;
_c24 cm.
650 _a Journalism
942 _cBK
_k070 SHA
999 _c7111
_d7111